000 00634cam a22002293a 4500
001 18489
003 PGUSA
005 20140828083408.0
008 060602s2006||||xxu|||||s|||||000 1 eng d
040 _aPGUSA
_beng
042 _adc
050 4 _aPS
100 1 _aRichmond, Grace S.
_q(Grace Smith),
_d1866-1959
245 1 2 _aA Court of Inquiry
_h[electronic resource] /
_cGrace S. Richmond
260 _bProject Gutenberg,
_c2006
506 _aPublic domain in the USA.
516 _aElectronic text
653 _aFiction
830 0 _aProject Gutenberg
_v18489
856 4 0 _uhttp://www.gutenberg.org/ebooks/18489
942 _cEB
999 _c247744
_d247744